<?xml version="1.0" encoding="UTF-8"?><?xml-stylesheet type="text/xsl" href="static/style.xsl"?><OAI-PMH xmlns="http://www.openarchives.org/OAI/2.0/" xmlns:xsi="http://www.w3.org/2001/XMLSchema-instance" xsi:schemaLocation="http://www.openarchives.org/OAI/2.0/ http://www.openarchives.org/OAI/2.0/OAI-PMH.xsd"><responseDate>2026-04-13T18:27:12Z</responseDate><request verb="GetRecord" identifier="oai:www.recercat.cat:2072/406370" metadataPrefix="marc">https://recercat.cat/oai/request</request><GetRecord><record><header><identifier>oai:recercat.cat:2072/406370</identifier><datestamp>2025-04-27T00:29:16Z</datestamp><setSpec>com_2072_98</setSpec><setSpec>col_2072_378192</setSpec></header><metadata><record xmlns="http://www.loc.gov/MARC21/slim" xmlns:dcterms="http://purl.org/dc/terms/" xmlns:xsi="http://www.w3.org/2001/XMLSchema-instance" xmlns:doc="http://www.lyncode.com/xoai" xsi:schemaLocation="http://www.loc.gov/MARC21/slim http://www.loc.gov/standards/marcxml/schema/MARC21slim.xsd">
   <leader>00925njm 22002777a 4500</leader>
   <datafield ind2=" " ind1=" " tag="042">
      <subfield code="a">dc</subfield>
   </datafield>
   <datafield ind2=" " ind1=" " tag="720">
      <subfield code="a">Torrebadella Flix, Xavier</subfield>
      <subfield code="e">author</subfield>
   </datafield>
   <datafield ind2=" " ind1=" " tag="260">
      <subfield code="c">2014</subfield>
   </datafield>
   <datafield ind2=" " ind1=" " tag="520">
      <subfield code="a">En el período de arraigo de los deportes extranjeros en España, entre finales del siglo XIX y principios del siglo XX, existieron algunos deportes que no pasaron de una primera fase de experimentación. Uno de estos deportes, originario de los Estados Unidos, fue el push-ball. Se trata de un juego de equipo, de oposición-colaboración, cuyo elemento característico es un balón blando de grandes dimensiones que se puede empujar con todo el cuerpo hasta introducirlo en la portería del equipo contrario. Este juego, que nació en el ámbito de la educación física, no alcanzó en España el nivel de otros deportes, quedando olvidado históricamente. En este trabajo se presentan varias de las primeras noticias del push-ball en España y se analizan las causas de su escasa aceptación. Hoy el push-ball todavía puede ser aceptado en el ámbito deportivo, recreativo y en la educación física escolar. Esta investigación ha partido de la revisión bibliográfica y hemerográfica de la prensa especializada y de las noticias deportivas de la época localizadas en bases de datos digitalizadas.</subfield>
   </datafield>
   <datafield ind2=" " ind1=" " tag="520">
      <subfield code="a">In the period of consolidation of foreign sports in Spain, between the late nineteenth and early twentieth century, there were some sports that failed in their first stage of experimentation. One of these sports, originating in the United States, was pushball. This is a team game of collaboration-opposition, whose distinctive feature is a large soft ball which can be pushed with any part of the body. The objective is to put the ball into the opponents' goal. This game, which was born in the field of physical education in Spain, did not reach the level of other sports, being historically forgotten. In this paper we present some of the first pieces of news on pushball in Spain and analyse the causes of its lack of acceptance. Today pushball can be still accepted in sport, recreation and physical education in schools. The research sets out from a bibliographical and media review of specialized press and sports news of the time; also the records from historical newspaper archives localized in online databases.</subfield>
   </datafield>
   <datafield tag="653" ind2=" " ind1=" ">
      <subfield code="a">Balón de empuje</subfield>
   </datafield>
   <datafield tag="653" ind2=" " ind1=" ">
      <subfield code="a">Historia del deporte</subfield>
   </datafield>
   <datafield tag="653" ind2=" " ind1=" ">
      <subfield code="a">Balón gigante</subfield>
   </datafield>
   <datafield tag="653" ind2=" " ind1=" ">
      <subfield code="a">Deporte universitario</subfield>
   </datafield>
   <datafield tag="653" ind2=" " ind1=" ">
      <subfield code="a">Pushball</subfield>
   </datafield>
   <datafield tag="653" ind2=" " ind1=" ">
      <subfield code="a">History of sport</subfield>
   </datafield>
   <datafield tag="653" ind2=" " ind1=" ">
      <subfield code="a">Giant ball</subfield>
   </datafield>
   <datafield tag="653" ind2=" " ind1=" ">
      <subfield code="a">College sports</subfield>
   </datafield>
   <datafield ind2="0" ind1="0" tag="245">
      <subfield code="a">El push-ball en España. : La historia de un deporte que no alcanzó carta de naturaleza (1897-1936)</subfield>
   </datafield>
</record></metadata></record></GetRecord></OAI-PMH>